Stewart's clinical removable partial prosthodontics / (Record no. 22354)
[ view plain ]
| 000 -LEADER | |
|---|---|
| fixed length control field | 00908cam a22002775a 4500 |
| 001 - CONTROL NUMBER | |
| control field | 012385265 |
| 005 - DATE AND TIME OF LATEST TRANSACTION | |
| control field | 20160908150924.0 |
| 008 - FIXED-LENGTH DATA ELEMENTS--GENERAL INFORMATION | |
| fixed length control field | 030402t2003 ilua frb 001 0 eng d |
| 020 ## - INTERNATIONAL STANDARD BOOK NUMBER | |
| International Standard Book Number | 0867154179 |
| 020 ## - INTERNATIONAL STANDARD BOOK NUMBER | |
| International Standard Book Number | 9780867154177 |
| 040 ## - CATALOGING SOURCE | |
| Original cataloging agency | StDuBDS |
| Modifying agency | Uk |
| -- | EG-ScBUE |
| Language of cataloging | eng |
| 082 04 - DEWEY DECIMAL CLASSIFICATION NUMBER | |
| Classification number | 617.692 |
| Edition number | 22 |
| Item number | PHO |
| 100 1# - MAIN ENTRY--PERSONAL NAME | |
| Personal name | Phoenix, Rodney D. |
| 9 (RLIN) | 35719 |
| 245 10 - TITLE STATEMENT | |
| Title | Stewart's clinical removable partial prosthodontics / |
| Statement of responsibility, etc | Rodney D. Pheonix, David R. Cagna and Charles F. DeFreest. |
| 250 ## - EDITION STATEMENT | |
| Edition statement | 3rd ed. |
| 260 ## - PUBLICATION, DISTRIBUTION, ETC. (IMPRINT) | |
| Place of publication, distribution, etc | Carol Stream : |
| Name of publisher, distributor, etc | Quintessence Publishing, |
| Date of publication, distribution, etc | c.2003. |
| 300 ## - PHYSICAL DESCRIPTION | |
| Extent | x, 525 p. : |
| Other physical details | ill. ; |
| Dimensions | 28 cm. |
| 500 ## - GENERAL NOTE | |
| General note | Index : p. [519]-525. |
| 504 ## - BIBLIOGRAPHY, ETC. NOTE | |
| Bibliography, etc | Includes bibliographical references. |
| 650 #7 - SUBJECT ADDED ENTRY--TOPICAL TERM | |
| Topical term or geographic name as entry element | Partial dentures, Removable. |
| Source of heading or term | BUEsh |
| 9 (RLIN) | 30139 |
| 651 ## - SUBJECT ADDED ENTRY--GEOGRAPHIC NAME | |
| Source of heading or term | BUEsh |
| 653 ## - INDEX TERM--UNCONTROLLED | |
| Resource For college | |
| Arrived date list | September2016 |
| 700 1# - ADDED ENTRY--PERSONAL NAME | |
| Personal name | Cagna, David R. |
| 9 (RLIN) | 35720 |
| 700 1# - ADDED ENTRY--PERSONAL NAME | |
| Personal name | DeFreest, Charles. |
| 9 (RLIN) | 35721 |
| 942 ## - ADDED ENTRY ELEMENTS (KOHA) | |
| Source of classification or shelving scheme | Dewey Decimal Classification |
| Withdrawn status | Item status | Source of classification or shelving scheme | Damaged status | Not for loan | Vendor | Home library | Current library | Shelving location | Date acquired | Source of acquisition | Cost, normal purchase price | Serial Enumeration / chronology | Total Checkouts | Total Renewals | Full call number | Barcode | Checked out | Date last seen | Date last borrowed | Cost, replacement price | Koha item type |
|---|---|---|---|---|---|---|---|---|---|---|---|---|---|---|---|---|---|---|---|---|---|
| Dewey Decimal Classification | Central Library | Central Library | First floor | 08/09/2016 | Purchase | 1000.00 | 0000479 | 1 | 6 | 617.692 PHO | 000033611 | 13/05/2024 | 03/12/2023 | 03/12/2023 | 1250.00 | Book - Borrowing |